Technické výkresy. STN 01 3142-1 : Označování výrobků a jejich částí v konstrukční dokumentaci. Část 1: Všeobecné požadavky. Září 1993

Salvato in:
Dettagli Bibliografici
Natura: Libro
Lingua:ceco
Pubblicazione: Praha : Český normalizační institut, 1993
Tags: Aggiungi Tag
Nessun Tag, puoi essere il primo ad aggiungerne!!

MARC

LEADER 00000nam a22000003a 4500
001 stu143691
005 20150408182501.5
008 070731s1993----xr------------------cze-d
040 |a STU  |b slo 
041 0 |a cze 
044 |a xr 
245 |a Technické výkresy. STN 01 3142-1 :  |b Označování výrobků a jejich částí v konstrukční dokumentaci. Část 1: Všeobecné požadavky. Září 1993 
260 |a Praha :  |b Český normalizační institut,  |c 1993 
300 |a 4 s 
996 |b 284M076767  |c M*N-243-2  |l MMST  |s P  |a 0  |w stu143691_0001 
996 |b MN 243 1  |c M*N-243-1  |l MMKN  |s A  |a 24  |w stu143691_0002